| 000 | 00805nam a2200217 a 4500 | ||
|---|---|---|---|
| 001 | 000367402 | ||
| 003 | AM-YeHGA | ||
| 005 | 20250617131818.0 | ||
| 008 | 041007s1984 ||| r 000 0 rus d | ||
| 040 | _aAM-YeHGA | ||
| 041 | 0 | _arus | |
| 100 | 1 | _aЯковлев, Георгий Николаевич | |
| 245 | 1 | 0 |
_aГорение : _bДокум. повесть [о Н.А. Островском] / _cГеоргий Яковлев; Худож. Ю. Иванов. |
| 260 |
_aМосква : _bМол. гвардия, _c1984. |
||
| 300 |
_a192 с. : _bил. |
||
| 440 | 0 | _aГерои комсомола | |
| 600 | 1 | 4 |
_aОстровский, Николай Арексеевич, _d1904-1936 |
| 650 | 1 | 4 | _aКомсомольцы (х. л.) |
| 700 | 1 |
_aИванов, Ю. _eхудож. _4art |
|
| 090 | _c141855 | ||
| 999 |
_c140477 _d140477 |
||